Statistics for Paper Mario Color Splash: Bosses

Click here to take the quiz!

General Stats

  • This quiz has been taken 125 times
  • The average score is 11 of 15

Answer Stats

ChapterAnswer% Correct
CH1 CrimsonMorton Koopa Jr.
100%
CH4 FortruneWendy O Koopa
99%
CH7 Final BossBowser
97%
CH2 GoldenIggy Koopa
97%
CH6 EmeraldLemmy Koopa
97%
CH3 CobaltLudwig Von Koopa
97%
CH5 SunsetLarry Koopa
95%
CH7 BlackRoy Koopa
94%
CH6 ScaredKamek
68%
CH5 TangierinoSteak
63%
CH3 PlumPetey Piranha
60%
CH2 KiwanoBig Spiny
55%
CH6 RedpepperBig Lava Bubble
49%
CH4 VioletBlack Shy Guy
33%
VariousShy Bandit
29%

Score Distribution

Percentile by Number Answered

Percent of People with Each Score

Your Score History

You have not taken this quiz